000 00431nam a2200169Ia 4500
008 240729s9999 xx 000 0 und d
022 _a2673-8112
245 0 _aCOVID
260 _aSwitzerland
260 _bMDPI AG
650 _a Internal medicine
650 _a Specialties of internal medicine
650 _aMedicine
856 _uhttps://doaj.org/toc/fc58f0fb6fbf40fa9a3aba04f5ff233f
942 _2ddc
942 _cDOAJEJ
999 _c73227
_d73227
945 _a1
_bMadushi Gamage
_c1
_dMadushi Gamage